Quinta Asamblea Plenaria
Salvato in:
| Enti autori: | , |
|---|---|
| Natura: | Libro |
| Lingua: | spagnolo |
| Pubblicazione: |
Ginebra
Unión Internacional de Telecomunicaciones
1973
|
| Serie: | Libro verde
|
| Soggetti: | |
| Tags: |
Aggiungi Tag
Nessun Tag, puoi essere il primo ad aggiungerne!!
|
MARC
| LEADER | 00000nam a2200000 a 4500 | ||
|---|---|---|---|
| 001 | UCV6486 | ||
| 003 | CL-VaPUC | ||
| 005 | 20200123181601.0 | ||
| 008 | 921112e19730000sz 1 spa d | ||
| 082 | 0 | 4 | |a 621.385 |b COM |2 21 |
| 110 | 2 | |a Comité Consultivo Internacional Telegráfico y Telefónico |e author |9 616598 | |
| 710 | 2 | |a CCITT |e author |9 616599 | |
| 245 | 1 | 0 | |a Quinta Asamblea Plenaria |
| 260 | |a Ginebra |b Unión Internacional de Telecomunicaciones |c 1973 | ||
| 300 | |a v | ||
| 490 | 0 | |a Libro verde | |
| 505 | 0 | 0 | |a v.4 p.2: Mantenimiento. Suplemento a las Recomendaciones de las series M, N y O |
| 583 | |a last modification |c 19921112 00:00:00 |k Rodrigo Vera | ||
| 650 | 0 | 7 | |a TELEFONO |2 CL-VaPUC |9 263652 |
| 650 | 0 | 7 | |a SISTEMAS TELEFONICOS |2 CL-VaPUC |9 359642 |
| 650 | 0 | 7 | |a LINEAS TELEFONICAS |2 CL-VaPUC |9 616600 |
| 942 | |c BK | ||
| 945 | |d 19921112 00:00:00 | ||
| 546 | |a En Español | ||
| 518 | |p Asamblea Plenaria CCITT, 5, Ginebra, 4 al 15 de Diciembre de 1972 | ||
| 999 | |c 382026 |d 382024 | ||
| 952 | |0 0 |1 0 |4 0 |6 621_385000000000000_COM_1973 |7 0 |8 A |9 503472 |a BIBING |b BIBING |d 2020-01-23 |h v.4 p.2 |i 2615347 |o 621.385 COM 1973 |p 2615347 |r 2025-01-20 |w 2020-01-23 |y BK |k EIE | ||